|
|
|
|
| LEADER |
00000nam a2200000 a 4500 |
| 001 |
vtls001285002 |
| 003 |
SK-MaSNL |
| 005 |
20260301234854.0 |
| 008 |
251124s1962 DE 0 ger |
| 020 |
|
|
|c 40,00
|
| 035 |
|
|
|a SNK000236511
|
| 040 |
|
|
|a SNK
|b slo
|c SNK
|e AACR2
|
| 044 |
|
|
|a DE
|
| 080 |
|
|
|a 262.14:261.8
|2 1981
|
| 100 |
1 |
|
|a Bea, Augustin,
|d 1881-1968
|4 aut
|9 631385
|
| 245 |
1 |
4 |
|a Der Priester als Diener der Einheit
|c Augustinius Kardinal Bea SJ
|
| 260 |
|
|
|a Meitingen bei Augsburg
|b Kyrios
|c 1962
|
| 300 |
|
|
|a 31 s.
|c 19 cm
|
| 650 |
0 |
7 |
|a kňazstvo
|x hľadiská ekumenické
|x prednášky
|2 SNK
|9 631386
|
| 999 |
|
|
|c 972292
|d 974222
|
| 952 |
|
|
|t P60, <04>, [BOOK], {604}
|a SNK
|b SNK
|y VYP
|7 0
|p 17A0060251
|o snkID 96098
|i snkV 971/97
|0 0
|1 0
|4 0
|d 1997-04-28
|l 0
|r 2005-01-02 00:00:00
|w 2026-02-24
|